[Event "29th NATO Chess Championship"]
[Site "Lubbock"]
[Date "2018.06.07"]
[Round "5.22"]
[White "O'Byrne, Daniel"]
[Black "Mouroutis, Konstantinos"]
[Result "0-1"]
[WhiteElo "1676"]
[BlackElo "2205"]
[PlyCount "63"]
[EventDate "2018.06.04"]
[EventType "swiss"]
[EventRounds "7"]
[EventCountry "USA"]
[SourceVersion "1"]
[SourceVersionDate "2018.06.14"]
[SourceQuality "1"]

1. d4 d5 2. Nf3 Nf6 3. e3 Bf5 4. Bd3 Bg6 5. O-O e6 6. b3 Nbd7 7. Ba3 Bxa3 8.
Nxa3 c6 9. c4 Ne4 10. Nc2 Bh5 11. Nce1 O-O 12. Qc2 f5 13. Rc1 Qe7 14. cxd5 exd5
15. Nd2 Rf6 16. Nxe4 fxe4 17. Be2 Rh6 18. Bxh5 Rxh5 19. Qe2 Qh4 20. h3 Rg5 21.
Kh2 Rf8 22. g3 Qh6 23. Kg2 Rh5 24. Rh1 Rhf5 25. Rf1 Qd6 26. Qd2 h5 27. Kg1 Nf6
28. Kg2 Nh7 29. Qe2 h4 30. g4 Rf3 31. Qd2 Ng5 32. Rh1 0-1

[Event "29th NATO Chess Championship"]
[Site "Lubbock"]
[Date "2018.06.07"]
[Round "5.23"]
[White "Tucker, David Sidney"]
[Black "Simard, Francois"]
[Result "1-0"]
[WhiteElo "1997"]
[BlackElo "1821"]
[PlyCount "65"]
[EventDate "2018.06.04"]
[EventType "swiss"]
[EventRounds "7"]
[EventCountry "USA"]
[SourceVersion "1"]
[SourceVersionDate "2018.06.14"]
[SourceQuality "1"]

1. e4 c5 2. Nf3 e6 3. d4 cxd4 4. Nxd4 Nf6 5. Nc3 Bb4 6. e5 Nd5 7. Bd2 Bxc3 8.
bxc3 Qc7 9. f4 Nxc3 10. Qf3 Nd5 11. Nb5 Qd8 12. c4 Ne7 13. Nd6+ Kf8 14. Qh5 Ng6
15. Bd3 Qh4+ 16. Qxh4 Nxh4 17. Nxc8 Nc6 18. Nd6 b6 19. O-O Ke7 20. Rae1 Nd4 21.
Bb4 Nc6 22. Ba3 Ng6 23. Be4 f6 24. Bxc6 dxc6 25. exf6+ gxf6 26. Ne4+ c5 27. Bb2
Rhf8 28. f5 Ne5 29. Bxe5 fxe5 30. f6+ Kf7 31. Rd1 Rad8 32. Ng5+ Kg8 33. f7+ 1-0

[Event "29th NATO Chess Championship"]
[Site "Lubbock"]
[Date "2018.06.07"]
[Round "5.24"]
[White "Tammisto, Janek"]
[Black "Coulon, Dominic"]
[Result "1-0"]
[WhiteElo "1940"]
[BlackElo "1679"]
[PlyCount "39"]
[EventDate "2018.06.04"]
[EventType "swiss"]
[EventRounds "7"]
[EventCountry "USA"]
[SourceVersion "1"]
[SourceVersionDate "2018.06.14"]
[SourceQuality "1"]

1. d4 d5 2. Nf3 Bf5 3. Bg5 Nd7 4. e3 Ngf6 5. Bxf6 Nxf6 6. Bd3 Ne4 7. Nbd2 e6 8.
O-O Bd6 9. c4 c6 10. cxd5 exd5 11. g3 g5 12. Ne5 Qe7 13. f4 Bxe5 14. fxe5 Bh3
15. Re1 Nxd2 16. Qxd2 O-O-O 17. Qc2 Qd7 18. b4 f6 19. exf6 Rdf8 20. Rf1 1-0

[Event "29th NATO Chess Championship"]
[Site "Lubbock"]
[Date "2018.06.07"]
[Round "5.26"]
[White "Wagenaar, Harm Theo"]
[Black "Hendy, Jerry"]
[Result "1-0"]
[WhiteElo "1911"]
[BlackElo "1639"]
[PlyCount "64"]
[EventDate "2018.06.04"]
[EventType "swiss"]
[EventRounds "7"]
[EventCountry "USA"]
[SourceVersion "1"]
[SourceVersionDate "2018.06.14"]
[SourceQuality "1"]

1. d4 e6 2. Nf3 b6 3. e3 Bb7 4. Bd3 Nf6 5. O-O Be7 6. c4 O-O 7. Nc3 d5 8. cxd5
Nxd5 9. e4 Nxc3 10. bxc3 c5 11. Be3 f5 12. exf5 exf5 13. Bc4+ Kh8 14. Ne5 Qe8
15. Qb3 h6 16. Bf7 Rxf7 17. Nxf7+ Kh7 18. Ne5 Nd7 19. Nxd7 Qxd7 20. dxc5 bxc5
21. Rad1 Qc6 22. f3 Rf8 23. Bf2 c4 24. Qc2 g5 25. Bxa7 Kg7 26. Bd4+ Kg8 27. Qe2
Bf6 28. Rfe1 Bc8 29. Bxf6 Qxf6 30. Qxc4+ Kh7 31. Qc7+ Kg8 32. Rd6 Qh8 1-0

[Event "29th NATO Chess Championship"]
[Site "Lubbock"]
[Date "2018.06.07"]
[Round "5.27"]
[White "Portman, Carl S"]
[Black "Papler, Peter"]
[Result "1/2-1/2"]
[WhiteElo "1886"]
[BlackElo "1646"]
[PlyCount "50"]
[EventDate "2018.06.04"]
[EventType "swiss"]
[EventRounds "7"]
[EventCountry "USA"]
[SourceVersion "1"]
[SourceVersionDate "2018.06.14"]
[SourceQuality "1"]

1. e4 d6 2. Nf3 Nf6 3. Nc3 Nbd7 4. h3 c6 5. d4 Qc7 6. a4 e5 7. Bd3 Be7 8. O-O
O-O 9. Re1 Re8 10. Ne2 Nf8 11. c3 h6 12. Qc2 Be6 13. c4 Rac8 14. Bd2 Ng6 15.
Ng3 a6 16. Rec1 Qb8 17. Qd1 Bd8 18. b4 b6 19. d5 Bd7 20. Be3 c5 21. b5 a5 22.
Qd2 Kh7 23. Qc2 Ng8 24. Rf1 Bf6 25. Rae1 Nf4 1/2-1/2

[Event "29th NATO Chess Championship"]
[Site "Lubbock"]
[Date "2018.06.07"]
[Round "5.28"]
[White "Ross, David C"]
[Black "Nilsson, Erik"]
[Result "0-1"]
[WhiteElo "1633"]
[BlackElo "2071"]
[PlyCount "56"]
[EventDate "2018.06.04"]
[EventType "swiss"]
[EventRounds "7"]
[EventCountry "USA"]
[SourceVersion "1"]
[SourceVersionDate "2018.06.14"]
[SourceQuality "1"]

1. d4 d5 2. Nc3 Nf6 3. Bg5 e6 4. e4 Bb4 5. e5 h6 6. Bd2 Bxc3 7. bxc3 Ne4 8. Nf3
c5 9. Bd3 Nxd2 10. Nxd2 Qa5 11. Qf3 Nc6 12. O-O Qxc3 13. Nb3 c4 14. Qg3 Kf8 15.
Qh4 cxb3 16. axb3 Qxd4 17. g4 Bd7 18. Ra4 Nxe5 19. Rxd4 Nf3+ 20. Kh1 Nxh4 21.
f4 Ke7 22. Rb4 Bc6 23. Kg1 Kd6 24. g5 hxg5 25. fxg5 e5 26. Rg4 f6 27. c3 e4 28.
Be2 Ke5 0-1

[Event "29th NATO Chess Championship"]
[Site "Lubbock"]
[Date "2018.06.07"]
[Round "5.33"]
[White "Van den Heuvel, Tonnie"]
[Black "Stuhr, Finn"]
[Result "1-0"]
[WhiteElo "1832"]
[BlackElo "1715"]
[PlyCount "73"]
[EventDate "2018.06.04"]
[EventType "swiss"]
[EventRounds "7"]
[EventCountry "USA"]
[SourceVersion "1"]
[SourceVersionDate "2018.06.14"]
[SourceQuality "1"]

1. b3 Nc6 2. Bb2 e5 3. e3 d5 4. Bb5 Bd6 5. Nf3 f6 6. d4 e4 7. Nfd2 Bd7 8. Be2
a6 9. c4 Be6 10. Nc3 Nge7 11. c5 O-O 12. cxd6 Qxd6 13. a3 Ng6 14. Ndxe4 dxe4
15. d5 Rad8 16. dxe6 Qxe6 17. Bc4 Qxc4 18. bxc4 Rxd1+ 19. Rxd1 Nce5 20. Nxe4
Nxc4 21. Bc1 Nge5 22. O-O Re8 23. Nc5 Nd6 24. e4 a5 25. Bf4 b6 26. Bxe5 Rxe5
27. Na4 Rxe4 28. Nxb6 Nb5 29. a4 Nc3 30. Rd8+ Kf7 31. Rd7+ Ke6 32. Rxc7 Ne2+
33. Kh1 Rb4 34. Rc6+ Ke5 35. g3 Nd4 36. Re1+ Kf5 37. Rc5+ 1-0

[Event "29th NATO Chess Championship"]
[Site "Lubbock"]
[Date "2018.06.07"]
[Round "6.2"]
[White "Everett, Elijah"]
[Black "Pedersen, Finn"]
[Result "1-0"]
[WhiteElo "2217"]
[BlackElo "2302"]
[PlyCount "45"]
[EventDate "2018.06.04"]
[EventType "swiss"]
[EventRounds "7"]
[EventCountry "USA"]
[SourceVersion "1"]
[SourceVersionDate "2018.06.14"]
[SourceQuality "1"]
[WhiteTeam "GERMANY"]
[BlackTeam "DENMARK"]
[WhiteTeamCountry "GER"]
[BlackTeamCountry "DEN"]

1. e4 c6 2. d4 d5 3. Nd2 dxe4 4. Nxe4 Nd7 5. Ng5 Ngf6 6. Bd3 e6 7. N1f3 h6 8.
Nxe6 Qe7 9. O-O fxe6 10. Bg6+ Kd8 11. c4 b6 12. Bf4 c5 13. dxc5 Qxc5 14. Ne5
Ke7 15. Nf7 e5 16. Be3 Qc6 17. Nxh8 Bb7 18. f3 Ng4 19. Be4 Qxc4 20. Ng6+ Ke8
21. Bf5 Ngf6 22. Bxd7+ Nxd7 23. Qxd7+ 1-0

[Event "29th NATO Chess Championship"]
[Site "Lubbock"]
[Date "2018.06.07"]
[Round "6.4"]
[White "Bobula, Mateusz"]
[Black "Aagaard, Gert"]
[Result "1-0"]
[WhiteElo "2347"]
[BlackElo "2042"]
[PlyCount "117"]
[EventDate "2018.06.04"]
[EventType "swiss"]
[EventRounds "7"]
[EventCountry "USA"]
[SourceVersion "1"]
[SourceVersionDate "2018.06.14"]
[SourceQuality "1"]
[WhiteTeam "POLAND"]
[BlackTeam "DENMARK"]
[WhiteTeamCountry "POL"]
[BlackTeamCountry "DEN"]

1. d4 Nf6 2. Nf3 e6 3. c4 Bb4+ 4. Bd2 Qe7 5. g3 O-O 6. Bg2 d5 7. O-O Bxd2 8.
Nbxd2 c6 9. Qc2 Nbd7 10. e4 Nxe4 11. Nxe4 dxe4 12. Qxe4 Qb4 13. Qc2 Rd8 14.
Rad1 Nf6 15. Ne5 Bd7 16. f4 c5 17. Nd3 Qb6 18. Nxc5 Bc6 19. Bxc6 Qxc6 20. Qg2
Qxg2+ 21. Kxg2 b6 22. Na4 Rac8 23. b3 Ng4 24. Rf3 b5 25. h3 Nf6 26. cxb5 Ne4
27. a3 Rc2+ 28. Kg1 f5 29. Rdd3 Rdc8 30. Nc5 Nxc5 31. dxc5 R8xc5 32. a4 Kf7 33.
Rf2 Rc1+ 34. Kg2 Rb1 35. Kf3 h5 36. h4 Rcc1 37. Ke3 Ke7 38. Rfd2 Kf6 39. Kd4
Rc7 40. Rc3 Rd7+ 41. Ke3 Re7 42. Rdd3 e5 43. Rc6+ Kf7 44. fxe5 Re1+ 45. Kd4
Re4+ 46. Kc3 R4xe5 47. Kb4 Re4+ 48. Ka5 Ke8 49. Ka6 f4 50. Rc8+ Kf7 51. Rf3 Re3
52. Rxf4+ Kg6 53. Rc6+ Kh7 54. Rf5 Rxg3 55. Rxh5+ Kg8 56. b4 Ra3 57. a5 Ra4 58.
b6 Rxb4 59. bxa7 1-0

[Event "29th NATO Chess Championship"]
[Site "Lubbock"]
[Date "2018.06.07"]
[Round "6.5"]
[White "Pietruszewski, Marcin"]
[Black "Watters, Chase Miles"]
[Result "1/2-1/2"]
[WhiteElo "2198"]
[BlackElo "2175"]
[PlyCount "54"]
[EventDate "2018.06.04"]
[EventType "swiss"]
[EventRounds "7"]
[EventCountry "USA"]
[SourceVersion "1"]
[SourceVersionDate "2018.06.14"]
[SourceQuality "1"]
[WhiteTeam "POLAND"]
[BlackTeam "UNITED STATES"]
[WhiteTeamCountry "POL"]
[BlackTeamCountry "USA"]

1. e4 c6 2. d4 d5 3. e5 c5 4. dxc5 Nc6 5. a3 Nxe5 6. b4 g6 7. Bb2 Bg7 8. Qc1 f6
9. Nd2 Nh6 10. g3 O-O 11. Bg2 b6 12. Nb3 Nf5 13. Ne2 Nc4 14. O-O e5 15. Rd1 Ne7
16. a4 Bg4 17. Bf1 Qc7 18. h3 Be6 19. Nc3 Rad8 20. a5 Nxb2 21. Qxb2 bxc5 22.
Nxc5 Bf7 23. Nb5 Qb8 24. Na6 Qb7 25. Nc5 Qb8 26. Na6 Qb7 27. Nc5 Qb8 1/2-1/2

[Event "29th NATO Chess Championship"]
[Site "Lubbock"]
[Date "2018.06.07"]
[Round "6.6"]
[White "Hansen, Stefan"]
[Black "Kersic, Matej"]
[Result "1-0"]
[WhiteElo "2047"]
[BlackElo "2119"]
[PlyCount "138"]
[EventDate "2018.06.04"]
[EventType "swiss"]
[EventRounds "7"]
[EventCountry "USA"]
[SourceVersion "1"]
[SourceVersionDate "2018.06.14"]
[SourceQuality "1"]
[WhiteTeam "DENMARK"]
[BlackTeam "SLOVENIA"]
[WhiteTeamCountry "DEN"]
[BlackTeamCountry "SLO"]

1. Nf3 d5 2. d4 c6 3. c4 Nf6 4. Qc2 dxc4 5. Qxc4 Bf5 6. e3 h6 7. g3 e6 8. Bg2
Be7 9. O-O O-O 10. Qe2 Nbd7 11. Rd1 Qc7 12. Nc3 Ne4 13. Nd2 Nxc3 14. bxc3 Rac8
15. e4 Bg6 16. Nc4 Rfe8 17. Bf4 Qd8 18. Nd6 Bxd6 19. Bxd6 Nf6 20. e5 Nd5 21.
Rac1 Qd7 22. c4 Ne7 23. Qb2 Nf5 24. c5 Ne7 25. Rc3 Nd5 26. Rb3 b5 27. a4 b4 28.
Rxb4 Nxb4 29. Qxb4 Ra8 30. Rd2 Rec8 31. a5 a6 32. f3 Ra7 33. Bf1 Rb7 34. Qc3
Rb5 35. Bxb5 cxb5 36. Kf2 Qc6 37. Qb3 Bf5 38. g4 Bg6 39. d5 Qe8 40. Kg3 Kh8 41.
c6 exd5 42. c7 f6 43. exf6 Qe1+ 44. Rf2 Qg1+ 45. Rg2 Qe1+ 46. Kh3 Qe6 47. fxg7+
Kxg7 48. Qb2+ Kh7 49. Qe5 Qf7 50. f4 Re8 51. Qd4 h5 52. Be5 hxg4+ 53. Kg3 Bf5
54. Rd2 Be4 55. Kf2 Qh5 56. Ke1 Qh4+ 57. Rf2 Qe7 58. Qc3 Bf5 59. Rd2 Be6 60.
Kd1 Kg8 61. Kc1 Qh7 62. Qc6 Qf7 63. Qxa6 b4 64. Qd6 b3 65. Kb2 Qf5 66. Qd8 Kf7
67. Qd6 Qe4 68. a6 Kg6 69. c8=Q Kf7 1-0

[Event "29th NATO Chess Championship"]
[Site "Lubbock"]
[Date "2018.06.07"]
[Round "6.7"]
[White "Werksma, Arie"]
[Black "Kedzierski, Slawomir"]
[Result "1-0"]
[WhiteElo "2199"]
[BlackElo "2146"]
[PlyCount "177"]
[EventDate "2018.06.04"]
[EventType "swiss"]
[EventRounds "7"]
[EventCountry "USA"]
[SourceVersion "1"]
[SourceVersionDate "2018.06.14"]
[SourceQuality "1"]
[WhiteTeam "NETHERLANDS"]
[BlackTeam "NATO A"]
[WhiteTeamCountry "NED"]

1. Nf3 Nf6 2. b3 d5 3. Bb2 e6 4. e3 c5 5. d4 Nc6 6. Bd3 Be7 7. O-O O-O 8. a3 b6
9. Nbd2 Bb7 10. Qe2 Rc8 11. Rfd1 cxd4 12. exd4 Qc7 13. Rac1 Rfd8 14. c4 dxc4
15. bxc4 g6 16. Ne4 Na5 17. Neg5 Ng4 18. Nxe6 Bxf3 19. Nxc7 Bxe2 20. Bxe2 Rxc7
21. Bxg4 Rxc4 22. Be2 Rxc1 23. Bxc1 Bd6 24. a4 Rc8 25. Bh6 Bf8 26. Bf4 Rd8 27.
d5 Nb7 28. Bb5 Nd6 29. Bc6 h6 30. g3 Kg7 31. Be5+ f6 32. Ba1 Kf7 33. Re1 Be7
34. Kg2 Nc4 35. Bc3 Bd6 36. f4 Be7 37. Kf3 Nd6 38. Re2 Nf5 39. Re1 Bc5 40. Re4
Be7 41. g4 Nd6 42. Re1 Nc4 43. Re2 Nd6 44. Ra2 Nc4 45. h3 Bc5 46. Re2 Be7 47.
Ke4 Nd6+ 48. Kd3 Rh8 49. Bd7 Rb8 50. Rb2 Nb7 51. Bc6 Nc5+ 52. Kc4 Ne4 53. Bd4
Nd6+ 54. Kd3 Bd8 55. a5 Bc7 56. a6 Nc8 57. Ke4 Nd6+ 58. Kf3 Nc8 59. Bd7 Bd8 60.
h4 Be7 61. Be6+ Ke8 62. Rc2 Nd6 63. Be3 Kd8 64. f5 g5 65. hxg5 hxg5 66. Rh2 Nc4
67. Bd4 Kc7 68. Rc2 b5 69. d6+ Kxd6 70. Bxc4 bxc4 71. Rxc4 Rb3+ 72. Ke2 Kd5 73.
Ra4 Bd8 74. Bxa7 Rb2+ 75. Kd3 Rb3+ 76. Kc2 Rg3 77. Bb8 Rg2+ 78. Kd1 Bb6 79. a7
Bxa7 80. Bxa7 Ke5 81. Ke1 Kd5 82. Kf1 Rc2 83. Bf2 Rd2 84. Kg2 Rc2 85. Kf3 Rc3+
86. Be3 Rb3 87. Ra6 Ke5 88. Re6+ Kd5 89. Rxf6 1-0

[Event "29th NATO Chess Championship"]
[Site "Lubbock"]
[Date "2018.06.07"]
[Round "6.8"]
[White "Drabke, Lorenz Maximilian"]
[Black "Williams, Abiye"]
[Result "1-0"]
[WhiteElo "2419"]
[BlackElo "2064"]
[PlyCount "97"]
[EventDate "2018.06.04"]
[EventType "swiss"]
[EventRounds "7"]
[EventCountry "USA"]
[SourceVersion "1"]
[SourceVersionDate "2018.06.14"]
[SourceQuality "1"]
[WhiteTeam "GERMANY"]
[BlackTeam "UNITED STATES"]
[WhiteTeamCountry "GER"]
[BlackTeamCountry "USA"]

1. e4 e5 2. Nf3 Nc6 3. Bc4 Bc5 4. c3 Qe7 5. O-O Bb6 6. d4 d6 7. h3 h6 8. a4 a5
9. Na3 Nd8 10. Bd3 c6 11. Nc4 Bc7 12. b3 Qf6 13. Ba3 Ne7 14. Bxd6 Bxd6 15. dxe5
Bxe5 16. Nfxe5 g5 17. Be2 O-O 18. Nb6 Qxe5 19. Nxa8 Qxc3 20. Nb6 Be6 21. Bc4
Ng6 22. Rc1 Qg7 23. Re1 Ne5 24. Qd6 Bxc4 25. bxc4 Ne6 26. Nd7 Rd8 27. Qxe5 Rxd7
28. Qxa5 Qd4 29. Rcd1 Qxd1 30. Rxd1 Rxd1+ 31. Kh2 Rd7 32. Qe5 c5 33. Qf6 Rd4
34. Qe7 Rxc4 35. f3 Kg7 36. a5 Rb4 37. Kg3 Rb2 38. h4 Kg6 39. Qe8 Kg7 40. Qe7
Kg6 41. e5 Kg7 42. Qf6+ Kg8 43. Qxh6 gxh4+ 44. Qxh4 Kf8 45. f4 Ke8 46. f5 Nd4
47. Qh8+ Ke7 48. Qf6+ Ke8 49. e6 1-0

[Event "29th NATO Chess Championship"]
[Site "Lubbock"]
[Date "2018.06.07"]
[Round "6.9"]
[White "Helbig, Mark"]
[Black "Balmaceda, Enrico"]
[Result "1-0"]
[WhiteElo "2361"]
[BlackElo "2063"]
[PlyCount "55"]
[EventDate "2018.06.04"]
[EventType "swiss"]
[EventRounds "7"]
[EventCountry "USA"]
[SourceVersion "1"]
[SourceVersionDate "2018.06.14"]
[SourceQuality "1"]
[WhiteTeam "GERMANY"]
[BlackTeam "UNITED STATES"]
[WhiteTeamCountry "GER"]
[BlackTeamCountry "USA"]

1. e4 Nf6 2. e5 Nd5 3. d4 d6 4. c4 Nb6 5. exd6 exd6 6. Bd3 Nc6 7. Be3 Be7 8.
Nc3 Bf6 9. Nge2 Bg4 10. h3 Bh5 11. Qd2 Bg6 12. b3 Bxd3 13. Qxd3 O-O 14. O-O d5
15. c5 Nc8 16. Nf4 N6e7 17. Nh5 c6 18. Nxf6+ gxf6 19. Bh6 Re8 20. Rfe1 Ng6 21.
Qf5 Nf8 22. Rxe8 Qxe8 23. Qxf6 Ne6 24. Re1 Qe7 25. Qf5 a5 26. Re3 Na7 27. Qg4+
Kh8 28. Bg7+ 1-0

[Event "29th NATO Chess Championship"]
[Site "Lubbock"]
[Date "2018.06.07"]
[Round "6.10"]
[White "Sypien, Mateusz"]
[Black "Nikomanis, Andreas"]
[Result "1/2-1/2"]
[WhiteElo "2248"]
[BlackElo "2045"]
[PlyCount "117"]
[EventDate "2018.06.04"]
[EventType "swiss"]
[EventRounds "7"]
[EventCountry "USA"]
[SourceVersion "1"]
[SourceVersionDate "2018.06.14"]
[SourceQuality "1"]
[WhiteTeam "POLAND"]
[BlackTeam "GREECE"]
[WhiteTeamCountry "POL"]
[BlackTeamCountry "GRE"]

1. e4 c5 2. Nf3 d6 3. d4 cxd4 4. Nxd4 Nf6 5. Nc3 g6 6. Be3 Bg7 7. f3 O-O 8. Bc4
Nc6 9. Bb3 Nxd4 10. Bxd4 Be6 11. Qd2 Qa5 12. O-O Nd7 13. Bxg7 Kxg7 14. Qd4+ Qe5
15. Qxe5+ Nxe5 16. Nd5 Bxd5 17. exd5 Rfc8 18. Rfe1 Kf8 19. Re4 Rc5 20. Rae1 g5
21. f4 gxf4 22. Rxf4 b5 23. a4 a6 24. Re3 Rac8 25. Rh4 Kg7 26. Reh3 Rh8 27.
Rg3+ Kf8 28. c3 h6 29. Kf2 Ke8 30. Rb4 Kd7 31. Ke3 Kc7 32. Kd4 h5 33. h3 Rh6
34. Rg5 Nc6+ 35. dxc6 Rxg5 36. Bd5 Rf6 37. c4 e6 38. Be4 Rf4 39. Ke3 Rf1 40.
cxb5 axb5 41. axb5 Kb6 42. Bd3 Ra1 43. Rf4 f5 44. Kf2 Ra2 45. Rb4 d5 46. Be2
Ra5 47. Rd4 Ra7 48. Bf1 Kc5 49. Rd2 e5 50. b4+ Kb6 51. Rxd5 Re7 52. Be2 e4 53.
h4 Rgg7 54. Rxf5 Rgf7 55. Rxf7 Rxf7+ 56. Ke3 Rg7 57. Kxe4 Rxg2 58. Bxh5 Rh2 59.
Bf3 1/2-1/2

[Event "29th NATO Chess Championship"]
[Site "Lubbock"]
[Date "2018.06.07"]
[Round "6.11"]
[White "Oblak, Nicholas"]
[Black "Sycz, Dariusz"]
[Result "0-1"]
[WhiteElo "2036"]
[BlackElo "2222"]
[PlyCount "52"]
[EventDate "2018.06.04"]
[EventType "swiss"]
[EventRounds "7"]
[EventCountry "USA"]
[SourceVersion "1"]
[SourceVersionDate "2018.06.14"]
[SourceQuality "1"]
[WhiteTeam "UNITED STATES"]
[BlackTeam "POLAND"]
[WhiteTeamCountry "USA"]
[BlackTeamCountry "POL"]

1. d4 Nf6 2. c4 e6 3. Nc3 d5 4. Nf3 dxc4 5. e3 a6 6. Bxc4 b5 7. Be2 Bb7 8. Qc2
Nbd7 9. a3 c5 10. dxc5 Bxc5 11. O-O Rc8 12. b4 Bd6 13. Bb2 Qc7 14. h3 Ne5 15.
Nd4 Qe7 16. Rac1 O-O 17. f4 Nc4 18. Bxc4 Rxc4 19. Qe2 Rfc8 20. Qd3 Bb8 21. Rfd1
Ba7 22. Nce2 h6 23. Nf3 Bxf3 24. gxf3 Nd5 25. Nd4 Bxd4 26. exd4 Qh4 0-1

[Event "29th NATO Chess Championship"]
[Site "Lubbock"]
[Date "2018.06.07"]
[Round "6.12"]
[White "Randall, Gordon"]
[Black "Andersen, Hans Christoph"]
[Result "0-1"]
[WhiteElo "2029"]
[BlackElo "2213"]
[PlyCount "84"]
[EventDate "2018.06.04"]
[EventType "swiss"]
[EventRounds "7"]
[EventCountry "USA"]
[SourceVersion "1"]
[SourceVersionDate "2018.06.14"]
[SourceQuality "1"]
[WhiteTeam "UNITED STATES"]
[BlackTeam "GERMANY"]
[WhiteTeamCountry "USA"]
[BlackTeamCountry "GER"]

1. d4 d5 2. c4 c6 3. Nf3 Nf6 4. Nc3 dxc4 5. a4 Bf5 6. Ne5 Nbd7 7. Nxc4 Qc7 8.
g3 e5 9. dxe5 Nxe5 10. Bf4 Nfd7 11. Bg2 f6 12. Nxe5 Nxe5 13. O-O Rd8 14. Qb3
Qf7 15. Qxf7+ Kxf7 16. Be3 a6 17. f4 Nc4 18. Bf2 Nxb2 19. g4 Bc8 20. Ne4 Nc4
21. Rfc1 Nd6 22. Rab1 Nxe4 23. Bxe4 Bd6 24. Rc4 Bc7 25. Bf3 Rhe8 26. h4 Re7 27.
Bc5 Red7 28. Be3 Rd1+ 29. Rxd1 Rxd1+ 30. Kf2 Ba5 31. f5 Be1+ 32. Kg2 Bxh4 33.
Bc5 Be1 34. Re4 Rd7 35. Re6 Ba5 36. Be4 Bd8 37. Bb1 Rd1 38. Ba2 Bxe6 39. Bxe6+
Ke8 40. Bc8 b6 41. Be3 Ra1 42. Bxa6 Rxa4 0-1

[Event "29th NATO Chess Championship"]
[Site "Lubbock"]
[Date "2018.06.07"]
[Round "6.13"]
[White "Bohn, Ulrich"]
[Black "Stankowski, Aleksander"]
[Result "1-0"]
[WhiteElo "2185"]
[BlackElo "1987"]
[PlyCount "165"]
[EventDate "2018.06.04"]
[EventType "swiss"]
[EventRounds "7"]
[EventCountry "USA"]
[SourceVersion "1"]
[SourceVersionDate "2018.06.14"]
[SourceQuality "1"]
[WhiteTeam "GERMANY"]
[BlackTeam "NATO B"]
[WhiteTeamCountry "GER"]

1. d4 Nf6 2. Bf4 g6 3. Nc3 Bg7 4. e4 d6 5. Qd2 O-O 6. O-O-O Nbd7 7. e5 Ne8 8.
Bh6 c6 9. h4 Qa5 10. h5 dxe5 11. Bxg7 Nxg7 12. hxg6 fxg6 13. Bc4+ e6 14. Nf3
exd4 15. Nxd4 Nb6 16. Bd3 Qe5 17. Rh4 Nf5 18. Bxf5 exf5 19. Nf3 Qf6 20. Qh6 Qg7
21. Ng5 Qxh6 22. Rxh6 Nd7 23. Nxh7 Re8 24. Rxg6+ Kxh7 25. Rg3 Re6 26. Ne2 Rg6
27. Re3 Nc5 28. Nf4 Rg8 29. Re7+ Rg7 30. Rh1+ Kg8 31. Re8+ Kf7 32. Rhh8 Nd7 33.
g3 a6 34. Rxc8 Rxc8 35. Rxc8 Ke7 36. Rc7 Rh7 37. Rxb7 Kd6 38. Kd2 Rh2 39. Nd3
c5 40. b3 c4 41. bxc4 Nc5 42. Nxc5 Kxc5 43. Ke3 Kxc4 44. Ra7 Kb5 45. Rf7 Rh5
46. Kf4 Rh2 47. Rxf5+ Kb4 48. Ke3 a5 49. a3+ Ka4 50. g4 Rh8 51. g5 Ra8 52. Kf4
Kxa3 53. g6 a4 54. Kg5 Kb2 55. g7 a3 56. Rf8 Ra5+ 57. Kg4 a2 58. g8=Q a1=Q 59.
Qg7+ Kxc2 60. Qxa1 Rxa1 61. Rd8 Rg1+ 62. Kf5 Kc3 63. f4 Kc4 64. Ke5 Re1+ 65.
Kf6 Kc5 66. f5 Kc6 67. Kf7 Kc7 68. Rd4 Rf1 69. f6 Rf2 70. Ke7 Re2+ 71. Kf8 Rf2
72. f7 Rg2 73. Ke7 Re2+ 74. Kf6 Rf2+ 75. Ke6 Rf1 76. Rd5 Re1+ 77. Re5 Rf1 78.
Rf5 Re1+ 79. Kf6 Kd7 80. f8=Q Re6+ 81. Kg5 Rd6 82. Rf7+ Kc6 83. Rf6 1-0

[Event "29th NATO Chess Championship"]
[Site "Lubbock"]
[Date "2018.06.07"]
[Round "6.14"]
[White "Schott, Guido"]
[Black "Peraino, Andrew"]
[Result "1-0"]
[WhiteElo "2127"]
[BlackElo "1868"]
[PlyCount "81"]
[EventDate "2018.06.04"]
[EventType "swiss"]
[EventRounds "7"]
[EventCountry "USA"]
[SourceVersion "1"]
[SourceVersionDate "2018.06.14"]
[SourceQuality "1"]
[WhiteTeam "NATO B"]
[BlackTeam "VETERANS B"]

1. e4 d6 2. d4 Nf6 3. Nc3 g6 4. Be3 c6 5. Qd2 b5 6. Bd3 Nbd7 7. a4 b4 8. Nd1 a5
9. Nf3 Ng4 10. Bg5 h6 11. Bh4 Bg7 12. h3 Ngf6 13. e5 dxe5 14. dxe5 Nd5 15. e6
Nc5 16. exf7+ Kxf7 17. O-O Nxd3 18. cxd3 Rf8 19. Rc1 Qb6 20. Re1 Kg8 21. Ne5 c5
22. d4 c4 23. Rxc4 Bb7 24. Ne3 g5 25. Bg3 Rad8 26. Nxd5 Bxd5 27. Rc5 e6 28.
Rec1 Ba8 29. Qe3 Rf5 30. Nc6 Re8 31. Rxf5 Bxc6 32. Rfc5 Bxa4 33. Be5 Re7 34.
Rc7 Bd7 35. Qe4 Qa6 36. Qg6 a4 37. Rxd7 Rxd7 38. Qe8+ Bf8 39. Qxd7 a3 40. Rc7
Qd3 41. Qf7# 1-0

[Event "29th NATO Chess Championship"]
[Site "Lubbock"]
[Date "2018.06.07"]
[Round "6.15"]
[White "Mestek, Igor"]
[Black "Kraft, Chip"]
[Result "0-1"]
[WhiteElo "2099"]
[BlackElo "1950"]
[PlyCount "176"]
[EventDate "2018.06.04"]
[EventType "swiss"]
[EventRounds "7"]
[EventCountry "USA"]
[SourceVersion "1"]
[SourceVersionDate "2018.06.14"]
[SourceQuality "1"]
[WhiteTeam "SLOVENIA"]
[BlackTeam "UNITED STATES"]
[WhiteTeamCountry "SLO"]
[BlackTeamCountry "USA"]

1. e4 c5 2. Nf3 g6 3. d4 cxd4 4. Nxd4 Nc6 5. Nc3 Bg7 6. Be3 Nf6 7. Bc4 Qa5 8.
O-O O-O 9. Bb3 d6 10. h3 Bd7 11. Re1 Nxd4 12. Bxd4 Bc6 13. Nd5 Bxd5 14. exd5
Rfe8 15. c3 b5 16. Qd2 Nd7 17. Bxg7 Kxg7 18. Re4 Nf6 19. Rh4 h5 20. Re1 Qd8 21.
Rf4 Qd7 22. Rf3 a5 23. a3 Rac8 24. Qd4 Rb8 25. Qf4 Rf8 26. Rfe3 Rfe8 27. Qd4
Rb7 28. Rf3 Kg8 29. Bc2 Rf8 30. Rg3 Qc8 31. Qf4 Kg7 32. Qg5 Qe8 33. Ree3 Rh8
34. h4 Rc7 35. b4 axb4 36. axb4 Ng4 37. Re2 Rh6 38. f3 Nf6 39. Qd2 Qa8 40. Rg5
Qa1+ 41. Kh2 Qxc3 42. Bd3 Qxd2 43. Rxd2 Rb7 44. Ra2 Rh8 45. Ra5 Rhb8 46. Kg3
Nh7 47. Kf4 Nxg5 48. Kxg5 Rb6 49. g4 hxg4 50. fxg4 Rc8 51. h5 f6+ 52. Kf4 gxh5
53. gxh5 Rb7 54. Kf5 Kh6 55. Ke6 Kxh5 56. Bxb5 Rcc7 57. Be8+ Kg5 58. b5 f5 59.
Bc6 Rb8 60. Ra1 f4 61. Rg1+ Kh4 62. Kf5 f3 63. Kf4 Rf8+ 64. Ke3 f2 65. Rf1 Kg3
66. b6 Rcc8 67. Kd2 Kg2 68. Bb5 Rc5 69. Ba6 Rxd5+ 70. Ke3 Re5+ 71. Kd2 Rb8 72.
Rb1 Re1 73. Rxe1 fxe1=Q+ 74. Kxe1 Rxb6 75. Bc4 Rb2 76. Be6 Kf3 77. Kd1 Ke3 78.
Bf5 Rh2 79. Kc1 e5 80. Be6 Kd4 81. Kd1 e4 82. Bg4 d5 83. Be6 Ke5 84. Bd7 d4 85.
Ke1 d3 86. Kd1 Kd4 87. Kc1 e3 88. Bc6 Rf2 0-1